[Event "London Chess Classic FIDE Open"]
[Site "London ENG"]
[Date "2010.12.15"]
[Round "9"]
[White "De Luna Butz, Alberto"]
[Black "Burnham, Frank"]
[Result "0-1"]
[WhiteElo "1846"]
[BlackElo "1750"]
[WhiteFideId "2269007"]
[BlackFideId "419516"]
[EventDate "2010.12.08"]

1. d4 d5 2. c4 e6 3. Nc3 Nf6 4. cxd5 exd5 5. Bg5 Be7 6. e3 O-O 7. Bd3 Nbd7 8.
Qc2 c6 9. Nf3 h6 10. Bf4 a6 11. h3 c5 12. dxc5 Nxc5 13. Bf5 Bxf5 14. Qxf5 Nce4
15. Be5 Bb4 16. O-O Bxc3 17. bxc3 Rc8 18. Rfc1 Rc6 19. Nd4 Rxc3 20. Rxc3 Nxc3
21. Bxf6 Qxf6 22. Qxf6 gxf6 23. a3 Rd8 24. f3 Na4 25. Rc1 Rd7 26. Kf2 Nb2 27.
Rc8+ Kh7 28. Ke2 Nc4 29. Nc2 Kg7 30. Kd3 Ne5+ 31. Kd4 Nc6+ 32. Kc5 Ne7 33. Re8
Rc7+ 34. Kd6 Rxc2 35. Rxe7 Rxg2 36. Rxb7 Rg3 37. Kxd5 Rxf3 38. Kd4 Rxh3 39. Rb4
Rh5 40. Kc3 Re5 41. Rg4+ Kh7 42. Kd3 Ra5 43. a4 f5 44. Rf4 Kg6 45. Ke2 Re5 46.
Rb4 f6 47. Kf3 Kg5 48. Rb8 Re4 49. a5 Re5 50. Rg8+ Kh5 51. Kf4 Rxa5 52. e4 fxe4
53. Kxe4 Rg5 54. Rf8 Kg6 55. Rg8+ Kf7 56. Rh8 Kg7 57. Ra8 Ra5 58. Ra7+ Kg6 59.
Kf4 h5 60. Kf3 h4 61. Ra8 h3 0-1

[Event "London Chess Classic FIDE Open"]
[Site "London ENG"]
[Date "2010.12.15"]
[Round "9"]
[White "Bishop, Geoffrey L"]
[Black "Staneland, Peter E"]
[Result "0-1"]
[WhiteElo "1800"]
[BlackElo "1787"]
[WhiteFideId "417491"]
[BlackFideId "416576"]
[EventDate "2010.12.08"]

1. e4 e6 2. d4 d5 3. Nc3 Bb4 4. e5 c5 5. Qg4 cxd4 6. a3 Bxc3+ 7. bxc3 Ne7 8.
Qxg7 Rg8 9. Qxh7 Qc7 10. Ne2 dxc3 11. f4 Bd7 12. Qd3 Nbc6 13. Nxc3 a6 14. Rb1
Nf5 15. Be2 Rxg2 16. Bf3 Rg8 17. Bxd5 Nxe5 18. fxe5 exd5 19. Bf4 Be6 20. Nxd5
Qa5+ 21. Nc3 Rd8 22. Qf3 Bd5 0-1

[Event "London Chess Classic FIDE Open"]
[Site "London ENG"]
[Date "2010.12.15"]
[Round "9"]
[White "Lie, Terje"]
[Black "Siddiqui, Nida Mishraz"]
[Result "1-0"]
[WhiteElo "1626"]
[BlackElo "1791"]
[WhiteFideId "1504916"]
[BlackFideId "7800495"]
[EventDate "2010.12.08"]

1. d4 Nf6 2. c4 g6 3. Nf3 d6 4. g3 Bg7 5. Bg2 O-O 6. O-O Nbd7 7. Nc3 c5 8. e3
cxd4 9. exd4 Nb6 10. b3 Bd7 11. Bb2 e6 12. Re1 d5 13. c5 Nc8 14. b4 b6 15. Ne5
Rb8 16. a3 bxc5 17. dxc5 Ne7 18. Rb1 a5 19. Na2 Nc6 20. Nxc6 Bxc6 21. Be5 Rb7
22. Qd4 axb4 23. axb4 Ne8 24. Nc3 f6 25. Qg4 Bd7 26. c6 Bxc6 27. Qxe6+ Kh8 28.
Bd4 Qd7 29. Bxd5 Bxd5 30. Qxd5 Qxd5 31. Nxd5 Rd7 32. Bc5 Rg8 33. Red1 Nc7 34.
Nxc7 Rxc7 35. Be3 Re8 36. b5 Rb7 37. b6 Bf8 38. Kf1 Re6 39. Rd8 Kg7 40. Ke2 Bc5
41. Kd3 Bxb6 42. Bxb6 Rexb6 43. Rxb6 Rxb6 44. h4 Re6 45. g4 Kh6 46. f3 f5 47.
Rd7 fxg4 48. fxg4 g5 49. h5 Rf6 50. Ke3 Re6+ 51. Kf3 Rf6+ 52. Kg3 Rf8 53. Rd5
Rg8 54. Rf5 Rg7 55. Kf3 Re7 56. Kg3 Re3+ 57. Kf2 Re7 58. Kf3 Re1 59. Kf2 Re7 60.
Rd5 Rf7+ 61. Ke3 Rf4 62. Rd4 Rxd4 63. Kxd4 Kg7 64. Ke5 h6 65. Ke6 Kg8 66. Kf6
Kh7 67. Kf7 Kh8 68. Kg6 Kg8 69. Kxh6 Kh8 70. Kxg5 Kh7 1-0